[Event "LSS No Engine Cup 228 Preliminary 0"]
[Site "LSS email"]
[Date "2022.07.09"]
[Round "?"]
[White "Andreoni, Mario"]
[Black "Cardoso do Espirito Santo, Rubens"]
[Result "0-1"]
[WhiteElo "1866"]
[BlackElo "2019"]
[PlyCount "62"]
[EventDate "2022.07.09"]
[EventType "tourn (corr)"]
[EventRounds "6"]
[EventCountry "GER"]
[SourceTitle "Corr 2024"]
[Source "ChessBase"]
[SourceDate "2023.10.19"]
[SourceVersion "1"]
[SourceVersionDate "2023.10.19"]
[SourceQuality "1"]

1. c4 Nf6 2. Nc3 e5 3. Nf3 Nc6 4. Qc2 g6 5. g3 Bg7 6. Bg2 0-0 7. 0-0 d6 8. d3 Bg4 9. e3 Qd7 10. a3 Bh3 11. Rb1 Bxg2 12. Kxg2 Nh5 13. b4 f5 14. b5 Nd8 15. d4 e4 16. Ng1 Qf7 17. Qb3 Ne6 18. a4 g5 19. Qc2 Rae8 20. Ba3 b6 21. Rbd1 Nf6 22. f3 Nd8 23. Rf2 exf3+ 24. Rxf3 Qxc4 25. Nge2 Ne4 26. Qa2 Qxa2 27. Nxa2 g4 28. Rff1 c5 29. bxc6 Nxc6 30. Rd3 Bh6 31. Nac3 Nxc3 0-1

[Event "LSS No Engine Cup 228 Preliminary 0"]
[Site "LSS email"]
[Date "2022.07.09"]
[Round "?"]
[White "Cardoso do Espirito Santo, Rubens"]
[Black "Bieszk, Stanislaw"]
[Result "1-0"]
[WhiteElo "2019"]
[BlackElo "1320"]
[PlyCount "39"]
[EventDate "2022.07.09"]
[EventType "tourn (corr)"]
[EventRounds "6"]
[EventCountry "GER"]
[SourceTitle "Corr 2024"]
[Source "ChessBase"]
[SourceDate "2023.10.19"]
[SourceVersion "1"]
[SourceVersionDate "2023.10.19"]
[SourceQuality "1"]

1. e4 c5 2. Nf3 d6 3. d4 cxd4 4. Nxd4 Nf6 5. Nc3 a6 6. Bg5 e6 7. f4 Qc7 8. Bxf6 gxf6 9. Qd2 Bd7 10. 0-0-0 Nc6 11. Kb1 0-0-0 12. Bc4 h5 13. Nf3 Bh6 14. Bb3 Ne7 15. g3 Bc6 16. Nd4 f5 17. Nxc6 Qxc6 18. Qd4 Kb8 19. Qf6 Rh7 20. Qxe7 1-0

[Event "LSS No Engine Cup 228 Preliminary 0"]
[Site "LSS email"]
[Date "2022.07.09"]
[Round "?"]
[White "Cardoso do Espirito Santo, Rubens"]
[Black "Portas, Daniel"]
[Result "1-0"]
[WhiteElo "2019"]
[BlackElo "1693"]
[PlyCount "75"]
[EventDate "2022.07.09"]
[EventType "tourn (corr)"]
[EventRounds "6"]
[EventCountry "GER"]
[SourceTitle "Corr 2024"]
[Source "ChessBase"]
[SourceDate "2023.10.19"]
[SourceVersion "1"]
[SourceVersionDate "2023.10.19"]
[SourceQuality "1"]

1. e4 e5 2. Nf3 Nc6 3. Bb5 a6 4. Ba4 Nf6 5. 0-0 Be7 6. Re1 b5 7. Bb3 d6 8. c3 0-0 9. h3 Na5 10. Bc2 c5 11. d4 Qc7 12. Nbd2 cxd4 13. cxd4 Nc6 14. Nb3 a5 15. Be3 a4 16. Nbd2 a3 17. bxa3 Rxa3 18. Qc1 Qa5 19. Bb3 Qa6 20. dxe5 dxe5 21. Bc5 Bxc5 22. Qxc5 Nd7 23. Qe3 Nb4 24. Qc3 Nc6 25. Rac1 Bb7 26. Red1 b4 27. Qe3 Na5 28. Nb1 Nxb3 29. axb3 Nf6 30. Nxa3 bxa3 31. Nxe5 Nxe4 32. Nc4 a2 33. Ra1 Nf6 34. Nd6 Bd5 35. Nf5 Be4 36. Qg5 Bxf5 37. Qxf5 Qe2 38. Rdc1 1-0

[Event "SB-2022-0-00629"]
[Site "LSS email"]
[Date "2022.01.09"]
[Round "?"]
[White "Knoeppel, Bjoern"]
[Black "Cardoso do Espirito Santo, Rubens"]
[Result "1/2-1/2"]
[WhiteElo "1921"]
[BlackElo "1811"]
[PlyCount "51"]
[EventDate "2021.12.01"]
[EventType "tourn (corr)"]
[EventRounds "6"]
[EventCountry "GER"]
[SourceTitle "Corr 2024"]
[Source "ChessBase"]
[SourceDate "2023.10.19"]
[SourceVersion "1"]
[SourceVersionDate "2023.10.19"]
[SourceQuality "1"]

1. e4 e5 2. Bc4 Nf6 3. d4 exd4 4. Nf3 Bb4+ 5. c3 dxc3 6. bxc3 d5 7. exd5 Bd6 8. 0-0 0-0 9. Bg5 h6 10. Bh4 Nbd7 11. Re1 Re8 12. Rxe8+ Qxe8 13. Nbd2 a6 14. Bb3 b5 15. c4 Bb7 16. a4 Bf8 17. axb5 axb5 18. Rxa8 Qxa8 19. cxb5 Bxd5 20. Bg3 Nc5 21. Bxd5 Nxd5 22. Be5 Qa4 23. Qxa4 Nxa4 24. Ne4 f6 25. Ba1 f5 26. Ng3 1/2-1/2

[Event "ZI-2021-0-02698"]
[Site "LSS email"]
[Date "2021.07.31"]
[Round "?"]
[White "Cardoso do Espirito Santo, Rubens"]
[Black "Stelmes, Santana"]
[Result "1-0"]
[WhiteElo "1777"]
[BlackElo "1703"]
[PlyCount "81"]
[EventDate "2021.07.24"]
[EventType "match (corr)"]
[EventRounds "2"]
[EventCountry "GER"]
[SourceTitle "Corr 2024"]
[Source "ChessBase"]
[SourceDate "2023.10.19"]
[SourceVersion "1"]
[SourceVersionDate "2023.10.19"]
[SourceQuality "1"]

1. e4 e5 2. Nf3 Nc6 3. Bb5 a6 4. Ba4 Nf6 5. 0-0 Be7 6. Re1 b5 7. Bb3 d6 8. c3 0-0 9. h3 Bb7 10. d4 Re8 11. Nbd2 Bf8 12. Bc2 g6 13. d5 Nb8 14. b3 c6 15. c4 Qc7 16. Nf1 a5 17. Bg5 Nbd7 18. Rc1 Rec8 19. Ne3 h6 20. Bh4 Qb6 21. dxc6 Bxc6 22. cxb5 Qxb5 23. Nc4 Qb8 24. Nh2 Nh5 25. Ng4 Nf4 26. Bg3 h5 27. Nge3 Nf6 28. Qf3 Qb7 29. Bxf4 exf4 30. Qxf4 Nxe4 31. Bxe4 Bxe4 32. Nxd6 Bxd6 33. Qxd6 a4 34. b4 a3 35. Rxc8+ Rxc8 36. Qd4 Bc6 37. Rd1 Qb8 38. Rd3 Bb5 39. Rc3 Rxc3 40. Qxc3 Qa8 41. Nc2 1-0

[Event "OP-2021-0-05141"]
[Site "LSS email"]
[Date "2021.05.19"]
[Round "?"]
[White "Csoma, Robert"]
[Black "Cardoso do Espirito Santo, Rubens"]
[Result "0-1"]
[WhiteElo "1185"]
[BlackElo "1787"]
[PlyCount "50"]
[EventDate "2021.05.11"]
[EventType "tourn (corr)"]
[EventRounds "4"]
[EventCountry "GER"]
[SourceTitle "Corr 2024"]
[Source "ChessBase"]
[SourceDate "2023.10.19"]
[SourceVersion "1"]
[SourceVersionDate "2023.10.19"]
[SourceQuality "1"]

1. d4 Nf6 2. c4 g6 3. Nc3 d5 4. cxd5 Nxd5 5. e4 Nxc3 6. bxc3 Bg7 7. Bc4 c5 8. Ne2 Nc6 9. Be3 0-0 10. 0-0 cxd4 11. cxd4 Bg4 12. f3 Bd7 13. Qd2 Qa5 14. Nc3 Rfd8 15. Rfd1 Rac8 16. Bb3 Bxd4 17. Bxd4 Nxd4 18. Qxd4 Rxc3 19. Qd5 Qxd5 20. Rxd5 e6 21. Ra5 a6 22. h3 Bb5 23. Ba4 Ra3 24. Rxb5 axb5 25. Bxb5 Rc8 0-1

[Event "OP-2020-0-05061"]
[Site "LSS email"]
[Date "2020.12.02"]
[Round "?"]
[White "Cardoso do Espirito Santo, Rubens"]
[Black "Chronopoulos, Antonios"]
[Result "0-1"]
[WhiteElo "1800"]
[BlackElo "800"]
[PlyCount "128"]
[EventDate "2020.11.28"]
[EventType "tourn (corr)"]
[EventRounds "4"]
[EventCountry "GER"]
[SourceTitle "Corr 2024"]
[Source "ChessBase"]
[SourceDate "2023.10.19"]
[SourceVersion "1"]
[SourceVersionDate "2023.10.19"]
[SourceQuality "1"]

1. e4 c5 2. Nf3 d6 3. d4 cxd4 4. Nxd4 Nf6 5. Nc3 a6 6. Bc4 e6 7. Bb3 b5 8. 0-0 b4 9. Na4 Be7 10. c3 bxc3 11. Nxc3 0-0 12. Be3 Bd7 13. f3 Nc6 14. Qe2 Qc7 15. Rac1 Qb7 16. Nxc6 Bxc6 17. Rfd1 h6 18. Qe1 a5 19. Qg3 a4 20. Bc4 Rfc8 21. Rc2 Qb4 22. Bd3 a3 23. b3 d5 24. e5 Nd7 25. Bxh6 Bf8 26. Be3 Bc5 27. Bxc5 Nxc5 28. Qf2 Be8 29. Qe3 d4 30. Qf4 Rab8 31. Bb5 d3 32. Qxb4 dxc2 33. Rc1 Nd3 34. Bxd3 Rxb4 35. Bc4 Rc5 36. Rxc2 Rxe5 37. Kf2 g5 38. Re2 Ra5 39. Re4 Rb8 40. h4 gxh4 41. Rg4+ Kf8 42. Rxh4 Rd8 43. Ke3 Re5+ 44. Re4 Rg5 45. Bf1 Rc5 46. Bc4 Ke7 47. Rd4 Re5+ 48. Ne4 Rc8 49. g4 Bc6 50. Bd3 Rh8 51. Rc4 Bxe4 52. Bxe4 Rh2 53. f4 Rb5 54. Bc2 Rd5 55. b4 Rdd2 56. Bb3 Rhe2+ 57. Kf3 Re1 58. Rc7+ Kd8 59. Rc3 Rh2 60. Rd3+ Ke7 61. Kg3 Reh1 62. Kf3 Rf1+ 63. Ke4 Re2+ 64. Kd4 Rxf4+ 0-1

[Event "OP-2020-0-05039"]
[Site "LSS email"]
[Date "2020.10.23"]
[Round "?"]
[White "Cardoso do Espirito Santo, Rubens"]
[Black "Piacentile, Carmine"]
[Result "1-0"]
[WhiteElo "1799"]
[BlackElo "1541"]
[PlyCount "39"]
[EventDate "2020.10.21"]
[EventType "tourn (corr)"]
[EventRounds "4"]
[EventCountry "GER"]
[SourceTitle "Corr 2022"]
[Source "ChessBase"]
[SourceDate "2021.10.24"]
[SourceVersion "1"]
[SourceVersionDate "2021.10.24"]
[SourceQuality "1"]

1. e4 e5 2. Nf3 Nc6 3. Bb5 Nge7 4. c3 d6 5. 0-0 Bd7 6. d4 a6 7. Ba4 Na5 8. dxe5 dxe5 9. Nxe5 Bxa4 10. Qxa4+ c6 11. b4 f6 12. Rd1 Qc7 13. Nf3 Nc4 14. Qb3 b5 15. Nbd2 0-0-0 16. Nd4 Rd6 17. Nxc4 bxc4 18. Qxc4 Qb6 19. Be3 Kd7 20. Nf5 1-0

[Event "OP-2020-0-05027"]
[Site "LSS email"]
[Date "2020.09.28"]
[Round "?"]
[White "Cardoso do Espirito Santo, Rubens"]
[Black "Reede, Arvo"]
[Result "1/2-1/2"]
[WhiteElo "1798"]
[BlackElo "1544"]
[PlyCount "84"]
[EventDate "2020.09.28"]
[EventType "tourn (corr)"]
[EventRounds "4"]
[EventCountry "GER"]
[SourceTitle "Corr 2022"]
[Source "ChessBase"]
[SourceDate "2021.10.24"]
[SourceVersion "1"]
[SourceVersionDate "2021.10.24"]
[SourceQuality "1"]

1. e4 e5 2. Nf3 Nc6 3. Bb5 a6 4. Ba4 Nf6 5. 0-0 Be7 6. Re1 b5 7. Bb3 d6 8. c3 0-0 9. h3 Na5 10. Bc2 c5 11. d4 cxd4 12. cxd4 Bb7 13. Nbd2 Rc8 14. a3 Qc7 15. Bb1 exd4 16. Nxd4 Rfe8 17. Nf5 Bf8 18. b4 Nc4 19. Nxc4 bxc4 20. Qd4 Qc6 21. f3 d5 22. Bg5 a5 23. e5 Nd7 24. Qh4 g6 25. Be7 axb4 26. axb4 Qb6+ 27. Kh1 Ra8 28. Rxa8 Rxa8 29. Bd6 Qd8 30. Ne7+ Bxe7 31. Bxe7 Qb6 32. f4 d4 33. f5 d3 34. e6 fxe6 35. fxg6 hxg6 36. Qxc4 d2 37. Rf1 Ne5 38. Qf4 Qb5 39. Bxg6 Bf3 40. Bf7+ Kh7 41. Qh4+ Kg7 42. Qf6+ Kh7 1/2-1/2

[Event "OP-2020-0-05027"]
[Site "LSS email"]
[Date "2020.09.28"]
[Round "?"]
[White "Molina, Vicente Andres"]
[Black "Cardoso do Espirito Santo, Rubens"]
[Result "0-1"]
[WhiteElo "601"]
[BlackElo "1798"]
[PlyCount "50"]
[EventDate "2020.09.28"]
[EventType "tourn (corr)"]
[EventRounds "4"]
[EventCountry "GER"]
[SourceTitle "Corr 2022"]
[Source "ChessBase"]
[SourceDate "2021.10.24"]
[SourceVersion "1"]
[SourceVersionDate "2021.10.24"]
[SourceQuality "1"]

1. e4 e5 2. Nf3 Nc6 3. Bb5 a6 4. Bxc6 dxc6 5. d4 exd4 6. Qxd4 Qxd4 7. Nxd4 Bd6 8. c4 Ne7 9. Nc3 f6 10. Be3 c5 11. Nb3 b6 12. 0-0-0 Be6 13. Nd5 Nxd5 14. exd5 Bf5 15. h3 0-0-0 16. Rhe1 Kb7 17. g4 Bg6 18. f4 f5 19. Nd2 Rde8 20. Nf3 Rxe3 21. Rxe3 Bxf4 22. Rdd3 Re8 23. Kd2 fxg4 24. hxg4 Bxd3 25. Kxd3 Rxe3+ 0-1

[Event "OP-2015-0-03769"]
[Site "LSS email"]
[Date "2015.07.20"]
[Round "?"]
[White "Cardoso do Espirito Santo, Rubens"]
[Black "Lenz, Juergen"]
[Result "1-0"]
[WhiteElo "1839"]
[BlackElo "1025"]
[PlyCount "85"]
[EventDate "2015.07.10"]
[EventType "tourn (corr)"]
[EventRounds "4"]
[EventCountry "GER"]
[SourceTitle "Corr 2022"]
[Source "ChessBase"]
[SourceDate "2021.10.24"]
[SourceVersion "1"]
[SourceVersionDate "2021.10.24"]
[SourceQuality "1"]

1. e4 Nf6 2. e5 Nd5 3. d4 d6 4. c4 Nb6 5. exd6 exd6 6. Nc3 Be7 7. Bd3 0-0 8. Nge2 Bf6 9. 0-0 Nc6 10. c5 dxc5 11. dxc5 Nd7 12. Be3 Nde5 13. Be4 Be6 14. Qc2 Ng6 15. Rfe1 Qe7 16. Bxc6 bxc6 17. Nd4 Bxd4 18. Bxd4 Rad8 19. Qa4 Qh4 20. Re4 Qg5 21. Be3 Qf6 22. Qxc6 Ne5 23. Qxc7 Nc4 24. Qf4 Nxe3 25. Qxf6 gxf6 26. Rxe3 Rd2 27. b4 Rb8 28. b5 f5 29. a4 f4 30. Ree1 f3 31. g3 Rd3 32. Rac1 Bb3 33. c6 Rc8 34. a5 Bc4 35. b6 axb6 36. axb6 Rxc6 37. Re8+ Kg7 38. b7 Rb6 39. b8Q Rxb8 40. Rxb8 h5 41. Rc8 Be6 42. Rc5 h4 43. Rd1 1-0

[Event "OP-2015-0-03761"]
[Site "LSS email"]
[Date "2015.07.06"]
[Round "?"]
[White "Heiser, Jerome"]
[Black "Cardoso do Espirito Santo, Rubens"]
[Result "0-1"]
[WhiteElo "705"]
[BlackElo "1839"]
[PlyCount "42"]
[EventDate "2015.07.01"]
[EventType "tourn (corr)"]
[EventRounds "4"]
[EventCountry "GER"]
[SourceTitle "Corr 2022"]
[Source "ChessBase"]
[SourceDate "2021.10.24"]
[SourceVersion "1"]
[SourceVersionDate "2021.10.24"]
[SourceQuality "1"]

1. e4 e5 2. Nf3 Nc6 3. d4 exd4 4. Nxd4 Bc5 5. Be3 Qf6 6. c3 Nge7 7. Bc4 Ne5 8. Bb3 d6 9. 0-0 a6 10. Nd2 0-0 11. h3 N7g6 12. f4 Nc6 13. Nf5 Bxf5 14. Bxc5 Bxh3 15. Qh5 Nxf4 16. Bd4 Nxd4 17. gxh3 Nxh5 18. Rxf6 Nxb3 19. Rxf7 Nxa1 20. Rxc7 Rf7 21. Rc4 Raf8 0-1

[Event "LSS No Engine Cup 106 Final"]
[Site "LSS email"]
[Date "2014.10.27"]
[Round "?"]
[White "Van Bommel, Ton"]
[Black "Cardoso do Espirito Santo, Rubens"]
[Result "1-0"]
[WhiteElo "2155"]
[BlackElo "2045"]
[PlyCount "71"]
[EventDate "2014.10.27"]
[EventType "tourn (corr)"]
[EventRounds "6"]
[EventCountry "GER"]
[SourceTitle "Corr 2022"]
[Source "ChessBase"]
[SourceDate "2021.10.24"]
[SourceVersion "1"]
[SourceVersionDate "2021.10.24"]
[SourceQuality "1"]

1. d4 Nf6 2. Nf3 d5 3. c4 e6 4. Nc3 c6 5. e3 Nbd7 6. Bd3 Nb6 7. b3 Bb4 8. Bd2 c5 9. a3 Bxc3 10. Bxc3 dxc4 11. bxc4 Bd7 12. a4 Bc6 13. Ne5 Qc7 14. 0-0 Nbd7 15. Nxc6 Qxc6 16. Qc2 0-0 17. Rab1 Rab8 18. a5 Rfd8 19. Rfd1 Qc7 20. h3 Re8 21. d5 exd5 22. cxd5 Qd6 23. Qa4 Red8 24. e4 Re8 25. Re1 Re7 26. a6 b6 27. Bb5 Rd8 28. Re3 Nh5 29. e5 Nxe5 30. Rbe1 Ng6 31. Rxe7 Nxe7 32. Be5 Qxd5 33. Bc7 Kf8 34. Bxd8 Qxd8 35. Qd1 Qxd1 36. Rxd1 1-0

[Event "LSS No Engine Cup 107 Final"]
[Site "LSS email"]
[Date "2014.10.13"]
[Round "?"]
[White "Kelemen, Gyoergy"]
[Black "Cardoso do Espirito Santo, Rubens"]
[Result "1-0"]
[WhiteElo "2096"]
[BlackElo "2036"]
[PlyCount "63"]
[EventDate "2014.10.14"]
[EventType "tourn (corr)"]
[EventRounds "6"]
[EventCountry "GER"]
[SourceTitle "Corr 2022"]
[Source "ChessBase"]
[SourceDate "2021.10.24"]
[SourceVersion "1"]
[SourceVersionDate "2021.10.24"]
[SourceQuality "1"]

1. e4 e5 2. Nf3 Nc6 3. Bb5 a6 4. Ba4 Nf6 5. 0-0 Nxe4 6. d4 b5 7. Bb3 d5 8. dxe5 Be6 9. c3 Be7 10. Nbd2 0-0 11. Bc2 f5 12. Nb3 Qd7 13. Nbd4 Nxd4 14. Nxd4 c5 15. Nxe6 Qxe6 16. f3 Ng5 17. a4 Rad8 18. axb5 axb5 19. Ra7 c4 20. Be3 Qxe5 21. Qd2 f4 22. Bd4 Qd6 23. Rfa1 Rd7 24. R7a6 Qc7 25. h4 Nf7 26. Bf5 Rd6 27. Ra7 Qd8 28. Qe2 Bf6 29. Bc5 Re8 30. Qc2 Rc6 31. Rd7 Qb8 32. Bxh7+ 1-0

[Event "OP-2014-0-03458"]
[Site "LSS email"]
[Date "2014.08.05"]
[Round "?"]
[White "Cardoso do Espirito Santo, Rubens"]
[Black "Sandocal, Uzmir"]
[Result "1/2-1/2"]
[WhiteElo "1731"]
[BlackElo "1652"]
[PlyCount "52"]
[EventDate "2014.07.30"]
[EventType "tourn (corr)"]
[EventRounds "4"]
[EventCountry "GER"]
[SourceTitle "Corr 2015"]
[Source "ChessBase"]
[SourceDate "2015.07.17"]
[SourceVersion "1"]
[SourceVersionDate "2015.07.17"]
[SourceQuality "1"]

1. e4 e5 2. Nf3 Nc6 3. Bb5 Nf6 4. 0-0 Nxe4 5. d4 exd4 6. Re1 d5 7. Qxd4 Be6 8. Nc3 Qd7 9. Nxe4 Nxd4 10. Bxd7+ Kxd7 11. Nxd4 dxe4 12. Nxe6 Kxe6 13. Rxe4+ Kf5 14. Rf4+ Ke6 15. Bd2 f6 16. Re1+ Kf7 17. Rd4 Bd6 18. Be3 Rhd8 19. Red1 Ke7 20. R4d3 b6 21. f4 Ke6 22. Kf2 Be7 23. c4 Rxd3 24. Rxd3 Rd8 25. Rxd8 Bxd8 26. b4 h5 1/2-1/2

[Event "OP-2014-0-03458"]
[Site "LSS email"]
[Date "2014.08.05"]
[Round "?"]
[White "Trevis, Robert R"]
[Black "Cardoso do Espirito Santo, Rubens"]
[Result "0-1"]
[WhiteElo "1028"]
[BlackElo "1731"]
[PlyCount "82"]
[EventDate "2014.07.30"]
[EventType "tourn (corr)"]
[EventRounds "4"]
[EventCountry "GER"]
[SourceTitle "Corr 2015"]
[Source "ChessBase"]
[SourceDate "2015.07.17"]
[SourceVersion "1"]
[SourceVersionDate "2015.07.17"]
[SourceQuality "1"]

1. e4 e5 2. Nf3 Nc6 3. d4 exd4 4. Nxd4 Bc5 5. Nb3 Bb6 6. Nc3 Qf6 7. Be3 Bxe3 8. fxe3 Ne5 9. Bb5 Nh6 10. Nd5 Qh4+ 11. g3 Qd8 12. Qh5 Nhg4 13. 0-0-0 g6 14. Qh4 c6 15. h3 Qxh4 16. gxh4 Nf2 17. Nc7+ Kd8 18. Nxa8 Nxh1 19. Rxh1 cxb5 20. Nd4 b6 21. Nxb5 Bb7 22. Nac7 a6 23. Nxa6 Bxa6 24. Nd4 Bb7 25. Rf1 Bxe4 26. Rf6 Bc6 27. h5 Ke7 28. Rf4 Bg2 29. hxg6 hxg6 30. h4 Bb7 31. b3 f5 32. Ne2 Rc8 33. Kd2 Nf3+ 34. Kc1 Be4 35. c4 Rh8 36. Nc3 Rxh4 37. Rxh4 Nxh4 38. Na4 g5 39. c5 bxc5 40. Nxc5 g4 41. a4 g3 0-1

[Event "SC-2014-0-00234"]
[Site "LSS email"]
[Date "2014.07.31"]
[Round "?"]
[White "Cardoso do Espirito Santo, Rubens"]
[Black "Soreghy, Janos"]
[Result "0-1"]
[WhiteElo "1870"]
[BlackElo "1745"]
[PlyCount "88"]
[EventDate "2014.07.01"]
[EventType "tourn (corr)"]
[EventRounds "6"]
[EventCountry "GER"]
[SourceTitle "Corr 2022"]
[Source "ChessBase"]
[SourceDate "2021.10.24"]
[SourceVersion "1"]
[SourceVersionDate "2021.10.24"]
[SourceQuality "1"]

1. e4 e6 2. d4 d5 3. Nd2 c5 4. exd5 Qxd5 5. Ngf3 cxd4 6. Bc4 Qd6 7. 0-0 Nf6 8. Nb3 Nc6 9. Nbxd4 Nxd4 10. Qxd4 Qxd4 11. Nxd4 Bc5 12. Nb3 Bb6 13. Bf4 Bd7 14. a4 0-0-0 15. a5 Bc7 16. Bxc7 Kxc7 17. Nd4 Bc6 18. Nxc6 bxc6 19. Rfd1 Rd6 20. f3 Nd5 21. Kf2 Rb8 22. b3 Nc3 23. Rxd6 Kxd6 24. Ke3 Kc5 25. Kd2 Kb4 26. f4 Rd8+ 27. Bd3 Ne4+ 28. Ke3 Nc5 29. Be2 Kc3 30. Ra2 Rd4 31. g3 Nd7 32. Ra3 e5 33. fxe5 Rd5 34. e6 Re5+ 35. Kf3 Rxe6 36. Bd3 Ne5+ 37. Kg2 Nxd3 38. cxd3 Kxd3 39. Ra1 Kc2 40. b4 a6 41. Rf1 Re2+ 42. Kh3 f6 43. Rf5 Kb3 44. Rc5 Rc2 0-1